<?xml version="1.0" encoding="UTF-8"?>
<collection xmlns="http://www.loc.gov/MARC21/slim">
 <record>
  <leader>06254nam a2200457 a 4500</leader>
  <controlfield tag="001">kal2631</controlfield>
  <controlfield tag="003">Gr-AtHEAL</controlfield>
  <controlfield tag="005">20160422093358.0</controlfield>
  <controlfield tag="006">m        d        </controlfield>
  <controlfield tag="008">160413s2015    gr      s           gre|c</controlfield>
  <datafield tag="040" ind1=" " ind2=" ">
   <subfield code="a">GR-AtHEAL</subfield>
   <subfield code="b">gre</subfield>
   <subfield code="c">GR-AtHEAL</subfield>
  </datafield>
  <datafield tag="082" ind1="0" ind2="4">
   <subfield code="a">501</subfield>
   <subfield code="2">23</subfield>
  </datafield>
  <datafield tag="100" ind1="1" ind2=" ">
   <subfield code="a">Θεοδώρου, Παναγιώτης.</subfield>
   <subfield code="8">553</subfield>
  </datafield>
  <datafield tag="245" ind1="1" ind2="0">
   <subfield code="a">Εισαγωγή στη φιλοσοφία των αξιών</subfield>
   <subfield code="h">[Ηλεκτρονικός πόρος] </subfield>
   <subfield code="b">Χαρακτηριστικά κεφάλαια από την ιστορία της φιλοσοφίας των αξιών</subfield>
   <subfield code="c">Θεοδώρου, Παναγιώτης ; Κριτικός αναγνώστης,Δημητρίου, Στέφανος ; Γραφιστική επιμέλεια,Μποζιονέλος, Γαβριήλ ; Γλωσσική επιμέλεια,Ντάφος, Βάϊος.</subfield>
  </datafield>
  <datafield tag="260" ind1=" " ind2=" ">
   <subfield code="a">Αθήνα :</subfield>
   <subfield code="b">Σύνδεσμος Ελληνικών Ακαδημαϊκών Βιβλιοθηκών,</subfield>
   <subfield code="c">c2015.</subfield>
  </datafield>
  <datafield tag="490" ind1=" " ind2=" ">
   <subfield code="a">Ακαδημαϊκά Ηλεκτρονικά Συγγράμματα και Βοηθήματα Κάλλιπος</subfield>
   <subfield code="8">40</subfield>
  </datafield>
  <datafield tag="520" ind1=" " ind2=" ">
   <subfield code="a">Πρόκειται για μια θεματική-ιστορική Εισαγωγή στη Φιλοσοφία των Αξιών. Οι αξίες αποτελούν ένα αινιγματικό αλλά και κρίσιμο φαινόμενο και θέμα. Ήδη από τον 15ο αιώνα στην οικονομική σκέψη του ύστερου μεσαίωνα (ο οποίος απηχούσε σχετικά ψήγματα ιδεών ήδη στην οικο-νομική σκέψη του Αριστοτέλη) αλλά και από τα μέσα του 19ου αιώνα στη φιλοσοφία, οι αξίες θεματοποιήθηκαν ως κεντρικό αξιοδιερεύνητο φαινόμενο. Ειδικά οι νεοκαντιανοί και οι φαινομενολόγοι αλλά και αγγλο-αμερικάνοι φιλόσοφοι που παρέλαβαν τη σκυτάλη αυτής της θεματικής από τους νεοκαντιανούς επεχείρησαν να διαλευκάνουν το φαινόμενο των αξιών. Οι αξίες, με τον έναν ή τον άλλο τρόπο, στη μία ή στην άλλη εκδοχή τους (π.χ., ηθική αξία, καλαισθητική αξία, αξία χρήσης, αξία ανταλλαγής, κ.λπ.) φαίνεται πως συνιστούν απαντήσεις στα πρακτικά ερωτήματα του τύπου «προς τι;» (για να χρησιμοποιήσουμε εδώ πυκνά το στίγμα της προσέγγισης του Νίτσε). Με άλλα λόγια, οι αξίες συνιστούν τα βασικά σχήματα νοηματοδότησης της ανθρώπινης ύπαρξης και προσανατολισμού της πράξης. Συνιστούν, εν ολίγοις, ως αξιακό σύστημα, τον κορμό ή τον σκελετό ενός πολιτισμού. Σε περιόδους κρίσης και επαπειλούμενου μηδενισμού δε, όπως η δική μας, αυτό γίνεται ιδιαιτέρως φανερό. Κάθε πρόβλημα, κοινωνικό, οικονομικό, θεσμικό, αρχίζει να γίνεται κατανοητό ως πρόβλημα που ριζώνει βαθιά στο αξιακό σύστημα του πολιτισμού μας. Η εδώ προτεινόμενη Εισαγωγή θα αναλαμβάνει να φωτίσει --σε αντιπροσωπευτικά και ενδεικτικά κεφάλαια-- τη γενικώς αδιευκρίνιστη και αδιαφανή καταγωγή αυτής της θεματικής από την αρχαία ελληνική σκέψη (Πλάτωνα και Αριστοτέλη με ένα πέρασμα από τους Στωικούς), τη νεότερη εμφάνισή της (Χιούμ, Καντ, και Λότσε), και τη σύγχρονη κορύφωση και αδιέξοδό της (Μπρεντάνο, Νίτσε, και Σέλερ). Προφανώς, μια σειρά φιλοσόφων και σχολών, π.χ., νεο-καντιανοί, Λογικός Εμπειρισμός, Πραγματισμός, κ.λπ. έχουν μια προσέγγιση στο ζήτημα των αξιών. Στην εδώ προτεινόμενη Εισαγωγή, ωστόσο, επιχειρούμε μια επισκόπηση των πλέον βασικών σταθμών.</subfield>
  </datafield>
  <datafield tag="650" ind1=" " ind2="0">
   <subfield code="a">Philosophy</subfield>
   <subfield code="8">2209</subfield>
  </datafield>
  <datafield tag="653" ind1=" " ind2=" ">
   <subfield code="a">Κάντ</subfield>
  </datafield>
  <datafield tag="653" ind1=" " ind2=" ">
   <subfield code="a">Νίτσε</subfield>
  </datafield>
  <datafield tag="653" ind1=" " ind2=" ">
   <subfield code="a">Ωραίο</subfield>
  </datafield>
  <datafield tag="653" ind1=" " ind2=" ">
   <subfield code="a">Αγαθό</subfield>
  </datafield>
  <datafield tag="653" ind1=" " ind2=" ">
   <subfield code="a">Ηθική</subfield>
  </datafield>
  <datafield tag="653" ind1=" " ind2=" ">
   <subfield code="a">Σέλερ</subfield>
  </datafield>
  <datafield tag="653" ind1=" " ind2=" ">
   <subfield code="a">Μπρεντάνο</subfield>
  </datafield>
  <datafield tag="653" ind1=" " ind2=" ">
   <subfield code="a">Λότσε</subfield>
  </datafield>
  <datafield tag="653" ind1=" " ind2=" ">
   <subfield code="a">Χιούμ</subfield>
  </datafield>
  <datafield tag="653" ind1=" " ind2=" ">
   <subfield code="a">Αριστοτέλης</subfield>
  </datafield>
  <datafield tag="653" ind1=" " ind2=" ">
   <subfield code="a">Πλάτων</subfield>
  </datafield>
  <datafield tag="653" ind1=" " ind2=" ">
   <subfield code="a">Αξίες</subfield>
  </datafield>
  <datafield tag="653" ind1=" " ind2=" ">
   <subfield code="a">Φιλοσοφία</subfield>
   <subfield code="a">Κλάδοι φιλοσοφίας (εκτός ηθικής)</subfield>
   <subfield code="a">Αισθητική</subfield>
   <subfield code="a">Φιλοσοφία της τέχνης</subfield>
  </datafield>
  <datafield tag="653" ind1=" " ind2=" ">
   <subfield code="a">Φιλοσοφία</subfield>
   <subfield code="a">Κλάδοι φιλοσοφίας (εκτός ηθικής)</subfield>
   <subfield code="a">Φιλοσοφία της κουλτούρας</subfield>
  </datafield>
  <datafield tag="653" ind1=" " ind2=" ">
   <subfield code="a">Φιλοσοφία</subfield>
   <subfield code="a">Προσεγγίσεις και σχολές στη φιλοσοφία</subfield>
   <subfield code="a">Ανθρωπισμός</subfield>
  </datafield>
  <datafield tag="653" ind1=" " ind2=" ">
   <subfield code="a">Τέχνες και γράμματα</subfield>
   <subfield code="a">Τέχνες</subfield>
   <subfield code="a">Θεωρία της τέχνης</subfield>
   <subfield code="a">Αισθητική</subfield>
  </datafield>
  <datafield tag="653" ind1=" " ind2=" ">
   <subfield code="a">Φιλοσοφία</subfield>
   <subfield code="a">Ιστορία της δυτικής φιλοσοφίας</subfield>
  </datafield>
  <datafield tag="700" ind1="1" ind2=" ">
   <subfield code="a">Δημητρίου, Στέφανος,</subfield>
   <subfield code="d">1968-</subfield>
   <subfield code="e">κριτικός αναγνώστης</subfield>
  </datafield>
  <datafield tag="856" ind1="4" ind2="0">
   <subfield code="u">http://hdl.handle.net/11419/2631</subfield>
   <subfield code="z">Πλήρες Κείμενο - Full text</subfield>
  </datafield>
  <datafield tag="907" ind1=" " ind2=" ">
   <subfield code="a">.b25677238</subfield>
   <subfield code="b">12-06-18</subfield>
   <subfield code="c">29-07-16</subfield>
  </datafield>
  <datafield tag="949" ind1=" " ind2=" ">
   <subfield code="0">0</subfield>
   <subfield code="1">0</subfield>
   <subfield code="2">ddc</subfield>
   <subfield code="4">0</subfield>
   <subfield code="6">501_000000000000000_ΘΕΟ</subfield>
   <subfield code="7">0</subfield>
   <subfield code="8">KALL</subfield>
   <subfield code="8">481</subfield>
   <subfield code="d">2016-04-13</subfield>
   <subfield code="r">2016-04-13</subfield>
   <subfield code="w">2016-04-13</subfield>
   <subfield code="z">501 ΘΕΟ</subfield>
   <subfield code="o">SEAB KALLIPOS</subfield>
  </datafield>
  <datafield tag="998" ind1=" " ind2=" ">
   <subfield code="a">80</subfield>
   <subfield code="a">01</subfield>
   <subfield code="a">02</subfield>
   <subfield code="a">03</subfield>
   <subfield code="a">04</subfield>
   <subfield code="a">05</subfield>
   <subfield code="a">06</subfield>
   <subfield code="a">07</subfield>
   <subfield code="a">08</subfield>
   <subfield code="a">09</subfield>
   <subfield code="a">10</subfield>
   <subfield code="a">11</subfield>
   <subfield code="a">12</subfield>
   <subfield code="a">13</subfield>
   <subfield code="a">14</subfield>
   <subfield code="a">15</subfield>
   <subfield code="a">16</subfield>
   <subfield code="a">17</subfield>
   <subfield code="a">18</subfield>
   <subfield code="a">19</subfield>
   <subfield code="a">20</subfield>
   <subfield code="a">21</subfield>
   <subfield code="a">22</subfield>
   <subfield code="a">23</subfield>
   <subfield code="a">24</subfield>
   <subfield code="a">25</subfield>
   <subfield code="a">26</subfield>
   <subfield code="b">15-08-03</subfield>
   <subfield code="c">m</subfield>
   <subfield code="d">z  </subfield>
   <subfield code="e">-</subfield>
   <subfield code="f">gre</subfield>
   <subfield code="g">gr </subfield>
   <subfield code="h">0</subfield>
  </datafield>
  <datafield tag="942" ind1=" " ind2=" ">
   <subfield code="2">ddc</subfield>
   <subfield code="c">KALLIPOS</subfield>
  </datafield>
 </record>
</collection>
